000 00339nam a22001457a 4500
020 _a81-8264-396-1
082 _a894.812.3
_bTAG/S
100 _aTAGORE, RAVEENDRANATH
245 _aSHESHER KOBITHA
_bAVASANATHE KAVITHA
260 _aKOTTAYAM
_bMATHRUBHUMI BOOKS
_c2007
300 _a119
520 _aNOVEL
650 _aNOVEL
942 _cBK
999 _c5142
_d5142